| 000 | 00860nam a22001937a 4500 | ||
|---|---|---|---|
| 008 | 120328t xxu||||| |||| 00| 0 eng d | ||
| 020 | _a0131918567 | ||
| 050 | _aHD62.7.Z55 | ||
| 100 | _aZimmerer, Thomas W. | ||
| 245 |
_aEssentials of entrepreneurship and small business management / _cThomas W. Zimmerer and Norman M. Scarborough |
||
| 250 | _a4th ed. | ||
| 260 |
_aCanada: _bPearson, _cc2005. |
||
| 300 |
_axiv, 577 p.: _bill, _c27cm. |
||
| 500 | _aIncludes index. | ||
| 505 | _aContents: The Challenge of entrepreneurship -- Building the business plan: Beginning considerations -- Building the business plan: Marketing consideration -- Building the business plan: Financial considerations -- Putting the business plan to work: Building a competitive edge. | ||
| 650 | _bSmall business-management. | ||
| 700 | _aScarborough, Norman M. | ||
| 942 |
_2lcc _cBK |
||
| 999 |
_c677 _d8177 |
||